000 00707nam a2200205 a 4500
001 000020917
005 20240710123700.0
008 100824s2003 dr 001 0 spa d
040 _aDO-SdBNP
_bspa
_cBNPHU
082 _axxxxx
_bM385r
245 0 0 _aRecopilaciones sociológicas /
_cJuan Francisco Martínez Almánzar, Sergia Ant. Gómez.
260 _aSanto Domingo :
_bEditora 9 de Octubre,
_c2003.
300 _av. ;
_c21 cm.
490 1 _aRecopilaciones sociológicas
_v1
500 _aLa biblioteca posee el v. 1
700 1 _aMartínez Almanzar, Juan Francisco
_d1950 -
_eed.
_910459
700 1 _aGómez, Sergia Ant.
_eed.
_943840
830 0 _aRecopilaciones sociológicas
_v1
_943841
049 _aBNPD
999 _c20420
_d20420